London Tube Map Quiz - Northern Line - Statistics

General Stats
  • This quiz has been taken 1,774 times
  • The average score is 31 of 50
Answers on the Map
Answers color-coded by a green-red scale on the quiz's map according to % correct below.
 
Answer Stats
Line Branch Station Name % Correct
(LU) Northern Line Bank Branch Bank
85%
(LU) Northern Line Charing Cross Branch Euston
83%
(LU) Northern Line Bank Branch King's Cross St. Pancras
83%
(LU) Northern Line Main Route Morden
82%
(LU) Northern Line Main Route Camden Town
81%
(LU) Northern Line Bank Branch Angel
79%
(LU) Northern Line Charing Cross Branch Waterloo
77%
(LU) Northern Line Bank Branch London Bridge
74%
(LU) Northern Line Charing Cross Branch Charing Cross
73%
(LU) Northern Line Edgware Branch Edgware
73%
(LU) Northern Line Charing Cross Branch Tottenham Court Road
73%
(LU) Northern Line Bank Branch Elephant & Castle
72%
(LU) Northern Line High Barnet Branch High Barnet
72%
(LU) Northern Line Main Route Kennington
70%
(LU) Northern Line Charing Cross Branch Leicester Square
69%
(LU) Northern Line Main Route Clapham Common
68%
(LU) Northern Line Main Route Clapham North
68%
(LU) Northern Line Bank Branch Old Street
68%
(LU) Northern Line Main Route Clapham South
67%
(LU) Northern Line Charing Cross Branch Embankment
67%
(LU) Northern Line Main Route Oval
67%
(LU) Northern Line Bank Branch Moorgate
66%
(LU) Northern Line Charing Cross Branch Mornington Crescent
65%
(LU) Northern Line Charing Cross Branch Warren Street
65%
(LU) Northern Line Mill Hill Branch Mill Hill East
64%
(LU) Northern Line Charing Cross Branch Goodge Street
63%
(LU) Northern Line Bank Branch Borough
62%
(LU) Northern Line Main Route Stockwell
62%
(LU) Northern Line Main Route Tooting Bec
62%
(LU) Northern Line High Barnet Branch Kentish Town
60%
(LU) Northern Line Edgware Branch Chalk Farm
59%
(LU) Northern Line Main Route Tooting Broadway
57%
(LU) Northern Line High Barnet Branch Archway
56%
(LU) Northern Line Main Route South Wimbledon
56%
(LU) Northern Line Edgware Branch Hampstead
55%
(LU) Northern Line Main Route Balham
54%
(LU) Northern Line Edgware Branch Belsize Park
54%
(LU) Northern Line Edgware Branch Golders Green
54%
(LU) Northern Line High Barnet Branch Highgate
54%
(LU) Northern Line High Barnet Branch East Finchley
53%
(LU) Northern Line High Barnet Branch Finchley Central
52%
(LU) Northern Line Edgware Branch Brent Cross
48%
(LU) Northern Line High Barnet Branch West Finchley
48%
(LU) Northern Line Main Route Colliers Wood
47%
(LU) Northern Line Edgware Branch Colindale
46%
(LU) Northern Line Edgware Branch Burnt Oak
44%
(LU) Northern Line Edgware Branch Hendon Central
42%
(LU) Northern Line High Barnet Branch Tufnell Park
42%
(LU) Northern Line High Barnet Branch Totteridge & Whetstone
41%
(LU) Northern Line High Barnet Branch Woodside Park
33%
No matching quizzes found
Score Distribution
Percent of People with Each Score
Percentile by Number Answered
Your Score History
You have not taken this quiz